000 00663cam a2200217 4500500
005 20260405002427.0
041 _afre
042 _adc
100 1 0 _aEltchaninoff, Michel
_eauthor
245 0 0 _aUne écosophie pour la vie. Introduction à l’écologie profonde
260 _c2017.
500 _a88
690 _aArne Næss
690 _aDeep Ecology
690 _aÉcologie
690 _aÉcologie profonde
690 _aSpinoza
690 _aTerre
786 0 _nPhilosophie magazine | 109 | 5 | 2017-05-01 | p. 50-50 | 1951-1787
856 4 1 _uhttps://shs.cairn.info/magazine-philosophie-magazine-2017-5-page-50?lang=fr&redirect-ssocas=7080
999 _c2057575
_d2057575